Estadísticas para Los pilotos de formula 1 con más de dos títulos mundiales

Haz click aquí para intentar la prueba.

Estadísticas generales

  • Esta prueba ha sido intentada 380 veces
  • La puntuación promedio es 11 de 16

Estadísticas de respuestas

N° de títulos en F1Piloto% Correcto
7Lewis Hamilton
100%
2Fernando Alonso
98%
7Michael Schumacher
97%
3Ayrton Senna
93%
4Sebastian Vettel
93%
4Alain Prost
82%
5Juan Manuel Fangio
82%
3Niki Lauda
75%
2Mika Hakkinen
61%
3Nelson Piquet
57%
2Graham Hill
47%
2Emerson Fittipaldi
45%
2Alberto Ascari
40%
3Jackie Stewart
35%
2Jim Clarck
31%
3Jack Brabham
29%

Distribución de puntuación

Porcentaje por número respondido

Porcentaje de gente con cada puntuación

Historial de tus puntuaciones

No has intentado esta prueba.